LDR 00989naa#a2200253#i#450# 001 EN\\bibl\49571 005 20260706014643.1 011 ## _a1681-1208 100 ## _a20260428b2026####ek#y0engy0150####ca 101 0# _aRUS 102 ## _aRU 200 1# _aMathematical Technology for Estimating Parametric Functions of Non-Stationary Geophysical Signals _eJournal article 210 1# _aMoscow _cGeophysical Center of the Russian Academy of Sciences _d2026 215 ## _a14 с. 606 ## _aНауки о Земле. 05.00.00 _2local 608 ## _aJournal article _2local 675 ## _aГеология. Геологические и геофизические науки. 55 _zRUS 686 ## _aНауки о Земле. 26 _2bbk 686 ## _aНауки о Земле. Экология. 63 _2tbk 686 ## _aГЕОФИЗИКА. 37.00 _2grnti 686 ## _aГЕОЛОГИЯ. 38.00 _2grnti 700 #1 _aGetmanov _gViktor Grigoryevich 700 #1 _aPilipenko _gVyacheslav Anatolievich 856 4# _aras.editorum.ru _u